| 000 | 006130000a22001810004500 | ||
|---|---|---|---|
| 003 | MACL | ||
| 005 | 20160402123621.0 | ||
| 008 | 160402b xxu||||| |||| 00| 0 eng d | ||
| 040 |
_aMACL _cMACL |
||
| 041 | _aHindi | ||
| 082 | _a403 | ||
| 100 |
_aपरमहंस एस. पी _949976 |
||
| 245 |
_aगुरूकुल हिन्दी सूक्ति कोश _bज्ञान के मोती |
||
| 260 |
_bगुरूकुल विघापीठ प्रकाशन _c2006 _aनई दिल्ली |
||
| 350 | _a250 | ||
| 650 |
_aDictionary _949977 |
||
| 942 |
_cHIN _k403 _2ddc |
||
| 999 |
_c22233 _d22233 |
||